000 00469nam a2200157Ia 4500
003 Ost
005 20260507075658.0
008 260507s9999||||xx |||||||||||||| ||und||
040 _cfsecg
041 _aara
100 _aالبلخي، زيد تميم
_eمؤلف
245 0 _aمقدمة في بحوث العمليات /
_c زيد تميم البلخي
260 _aالرياض:
_bجامعة الملك سعود,
_c1998
300 _a صفحة؛
942 _cكتاب
999 _c45762
_d45762